Normal view
MARC view
Entry Personal Name
001 - CONTROL NUMBER
- control field: 13329
003 - CONTROL NUMBER IDENTIFIER
- control field: BD-RjUL
005 - DATE AND TIME OF LATEST TRANSACTION
- control field: 20240605102534.0
008 - FIXED-LENGTH DATA ELEMENTS
- fixed length control field: 240605|| aca||aabn | a|a d
040 ## - CATALOGING SOURCE
- Original cataloging agency: BD-RjUL
- Transcribing agency: BD-RjUL
100 ## - HEADING--PERSONAL NAME
- Personal name: Saha, Shilpi Rani
670 ## - SOURCE DATA FOUND
- Source citation: Work cat.: (BD-RjUL)83905: Saha, Shilpi Rani, Performence of the Predator Xylocoris Flavipes (Reuter) (Hemiptera : Anthocoridae) Reared on Artificial Diets on Tribolium /, 2007